[Event "2nd Silman TNM: u1600"]
[Site "San Francisco"]
[Date "2025.05.27"]
[Round "4.28"]
[White "Fitzgerald, William"]
[Black "Brickhouse, Christian"]
[Result "1-0"]
[WhiteElo "1263"]
[BlackElo "1267"]
[PlyCount "47"]
[GameId "2182650047178718"]
[EventDate "2025.??.??"]

1. e4 Nf6 2. e5 Nd5 3. c4 Nb6 4. d4 d6 5. f4 Bf5 6. Nc3 Qd7 7. Bd3 dxe5 8. fxe5 Nc6 9. Nf3 Nb4 10. Bxf5 Qxf5 11. O-O Nxc4 12. Qa4+ Nc6 13. Qxc4 O-O-O 14. Ng5 Rxd4 15. Qxd4 Qxf1+ 16. Kxf1 Nxd4 17. Nxf7 Rg8 18. Bf4 e6 19. Rd1 Bc5 20. Na4 Rf8 21. Nxc5 Rxf7 22. Rxd4 g5 23. Nxe6 gxf4 24. Rd8# 1-0

[Event "2nd Silman TNM: u1600"]
[Site "San Francisco"]
[Date "2025.05.27"]
[Round "4.29"]
[White "Quinn, Dahlia"]
[Black "Otterbach, Renate"]
[Result "1-0"]
[WhiteElo "1329"]
[BlackElo "1113"]
[PlyCount "67"]
[GameId "2182650047178719"]
[EventDate "2025.??.??"]

1. d4 Nf6 2. c4 g6 3. Nc3 Bg7 4. Nf3 d6 5. e4 O-O 6. Be2 b6 7. O-O Bb7 8. Qc2 Nc6 9. Rd1 Nb4 10. Qb3 Na6 11. e5 Ne4 12. Nxe4 Bxe4 13. Ng5 Bb7 14. e6 f6 15. Nf7 Qc8 16. d5 Nc5 17. Qh3 Rxf7 18. exf7+ Kh8 19. Qh4 Qf8 20. Rd4 Qxf7 21. Bh6 f5 22. Bxg7+ Qxg7 23. Rad1 e6 24. b4 Na4 25. Qh3 Nc3 26. Qxc3 exd5 27. cxd5 Bxd5 28. Bf3 Bxf3 29. Qxf3 Re8 30. g3 Re6 31. Qa8+ Qg8 32. Qxa7 c5 33. Rxd6 Qe8 34. Rxe6 1-0

[Event "2nd Silman TNM: u1600"]
[Site "San Francisco"]
[Date "2025.05.27"]
[Round "4.30"]
[White "Booth, Kyle Ewart Coventry"]
[Black "Singer, Andrew"]
[Result "1-0"]
[WhiteElo "1246"]
[BlackElo "1051"]
[PlyCount "105"]
[GameId "2182650047178720"]
[EventDate "2025.??.??"]

1. e4 c6 2. Nf3 d5 3. Nc3 dxe4 4. Nxe4 Bf5 5. Ng3 Bg6 6. h4 h6 7. Ne5 Bh7 8. Qh5 g6 9. Bc4 e6 10. Qe2 Qe7 11. d4 Nd7 12. Bd2 O-O-O 13. Nxc6 bxc6 14. Ba6+ Kc7 15. Ba5+ Nb6 16. Qe5+ Qd6 17. Qxh8 Qxd4 18. Qxh7 Qe5+ 19. Kf1 Qf4 20. Ne2 Qf5 21. Bxb6+ axb6 22. Bd3 Qf6 23. Rh3 Ne7 24. Rf3 Nf5 25. h5 Rd7 26. g4 Qh4 27. gxf5 Qh1+ 28. Ng1 gxf5 29. Qg8 Bd6 30. c4 Qxh5 31. Rh3 Qg5 32. Qxg5 hxg5 33. Rh7 Be5 34. Rb1 Rxd3 35. Rxf7+ Kd6 36. Ke2 Rd4 37. Rd1 Rxd1 38. Kxd1 g4 39. b3 Bd4 40. Ke2 Ke5 41. Kf1 Ke4 42. Ne2 Bc5 43. Rc7 Kf3 44. Ng1+ Ke4 45. Rxc6 e5 46. Rxc5 bxc5 47. a4 f4 48. a5 Kd3 49. a6 e4 50. a7 f3 51. a8=Q e3 52. Qd5+ Kc2 53. fxe3 1-0

[Event "2nd Silman TNM: u1600"]
[Site "San Francisco"]
[Date "2025.05.27"]
[Round "4.31"]
[White "Sloan, Sacha Marino"]
[Black "Myers, Steven Lee"]
[Result "1-0"]
[WhiteElo "1056"]
[BlackElo "1171"]
[PlyCount "81"]
[GameId "2182650047178721"]
[EventDate "2025.??.??"]

1. e4 Nc6 2. Nf3 e5 3. d4 d6 4. dxe5 Bg4 5. exd6 Bxd6 6. Be3 Nf6 7. h3 Be6 8. Bd3 Ne5 9. Nc3 Bb4 10. O-O Nxf3+ 11. Qxf3 Bxc3 12. bxc3 c6 13. Bg5 h6 14. Bh4 g5 15. Bg3 Nd7 16. Qe3 Qe7 17. Rab1 b5 18. Qd4 f6 19. c4 a6 20. f4 Qc5 21. Qxc5 Nxc5 22. f5 Bf7 23. cxb5 axb5 24. Bd6 Nb7 25. Bb4 O-O-O 26. Be7 Rd7 27. Bxf6 Rg8 28. e5 Bxa2 29. Ra1 Bd5 30. e6 Na5 31. Rxa5 Rb7 32. Ra8+ Rb8 33. Rxb8+ Kxb8 34. e7 Re8 35. Be5+ Kc8 36. f6 Bf7 37. Bf5+ Kb7 38. Bd7 Ra8 39. Re1 Be8 40. Bxe8 Rxe8 41. f7 1-0

[Event "2nd Silman TNM: u1600"]
[Site "San Francisco"]
[Date "2025.05.27"]
[Round "4.33"]
[White "Olson, David R"]
[Black "Lee, Yinpok R"]
[Result "1-0"]
[Annotator "Winslow,Elliott"]
[WhiteElo "1400"]
[BlackElo "1104"]
[PlyCount "105"]
[GameId "2182650047186915"]
[EventDate "2025.??.??"]

1. d4 d5 2. c4 c6 3. c5 Nf6 4. f3 Nbd7 5. Nc3 e6 6. Nh3 b6 7. b4 bxc5 8. bxc5 Ba6 9. Nf2 Qc7 10. Nd3 Be7 11. Bf4 Qa5 12. Qc2 O-O 13. Kf2 Bd8 {[#]} 14. g4 Bc7 15. Bd2 Bxd3 16. Qxd3 e5 17. Nxd5 {[#]} Qxd2 18. Qxd2 cxd5 19. e3 e4 20. Bb5 exf3 21. Kxf3 Ne4 22. Qg2 Rfd8 23. Bc6 Rab8 24. Rab1 Nf8 25. Rb7 Rxb7 26. Bxb7 Rb8 27. c6 Ng6 28. h4 Nf8 29. Qc2 Re8 30. Re1 Re6 31. Kg2 Rf6 32. Rf1 Rh6 33. Rh1 Rf6 34. Rb1 Rf2+ 35. Qxf2 Nxf2 36. Kxf2 a5 37. Rb5 f6 38. Rxd5 Kf7 39. Rb5 Ke6 40. e4 h6 41. Bc8+ Kd6 42. d5 g5 43. h5 Nh7 44. Ke3 Nf8 45. Bf5 Bd8 46. Rb8 Be7 47. Ra8 Kc7 48. Rxa5 Bd6 49. Kd4 Be5+ 50. Kc4 Kb6 51. Ra8 Nd7 52. cxd7 Bc7 53. Rh8 1-0

[Event "2nd Silman TNM: u1600"]
[Site "San Francisco"]
[Date "2025.05.27"]
[Round "4.34"]
[White "Pirone, John"]
[Black "Toczyski, David Paul"]
[Result "0-1"]
[WhiteElo "1033"]
[BlackElo "1369"]
[PlyCount "128"]
[GameId "2182650047186916"]
[EventDate "2025.??.??"]

1. e4 c5 2. Nf3 Nc6 3. Bb5 e6 4. O-O Nge7 5. Re1 a6 6. Bf1 Ng6 7. c3 Be7 8. d4 cxd4 9. cxd4 O-O 10. Nc3 b5 11. Be3 Bb7 12. Rc1 Bf6 13. e5 Be7 14. Bd3 Nb4 15. Qd2 Nxd3 16. Qxd3 Bxf3 17. gxf3 f5 18. Kh1 Bg5 19. Rg1 Bf4 20. Rxg6 Bxe3 21. Qxe3 hxg6 22. Rg1 f4 23. Qe4 g5 24. Qg6 Rf5 25. Rg4 Qe8 26. Rxg5 Qxg6 27. Rxg6 Kf7 28. Rg4 Rh8 29. Ne4 Kf8 30. Nd6 Rfh5 31. Rg2 Rh3 32. Ne4 Rxf3 33. Nc5 Ke8 34. Nxa6 Rd3 35. Rxg7 f3 36. Rg1 Rxd4 37. Nc7+ Kf7 38. Nxb5 Rd2 39. Nd6+ Kf8 40. Ne4 Re2 41. Nf6 Rxf2 42. Ng4 {[%eval -571,0]} Rxb2 {[%eval -544,0]} 43. Rf1 {[%eval -567,0]} Rh3 {[%eval -561,0]} 44. Nf2 {[%eval -556,0]} Rh4 45. h3 Rxa2 46. Kh2 Rha4 47. Kg3 Ra1 48. Rxa1 Rxa1 49. Kxf3 Ra4 50. Ne4 Kg7 51. Kf4 Kg6 52. h4 Kh5 53. Kf3 Kxh4 54. Kf4 Rd4 55. Ke3 Rd1 56. Kf4 Rf1+ 57. Ke3 Kg4 58. Kd4 Rf4 59. Ke3 Kf5 60. Nf6 Kxe5 61. Nxd7+ Kf5 62. Nc5 e5 63. Nd3 Ra4 64. Kf3 e4+ 0-1

[Event "2nd Silman TNM: u1600"]
[Site "San Francisco"]
[Date "2025.05.27"]
[Round "4.36"]
[White "Chen, Bowie"]
[Black "Braithwaite, Andrew"]
[Result "0-1"]
[Annotator "Winslow,Elliott"]
[WhiteElo "1279"]
[BlackElo "1137"]
[PlyCount "122"]
[GameId "2182650047186918"]
[EventDate "2025.??.??"]

1. f4 Nf6 2. Nf3 g6 3. d3 d5 4. c4 dxc4 5. Qa4+ Nc6 6. Qxc4 Be6 7. Qa4 Bg7 8. e4 O-O 9. e5 Nd5 10. Be2 Qd7 11. d4 Nxe5 {[#]} 12. Qd1 Ng4 13. Ne5 Bxe5 14. fxe5 Nge3 15. Bxe3 Nxe3 16. Qd2 Qxd4 17. Bf3 Qxe5 18. Kf2 Nf5 19. Re1 Qd4+ 20. Kf1 Qxd2 21. Nxd2 Nd4 22. Bxb7 Rab8 23. Be4 Rxb2 24. Nb3 Nc2 25. Bxc2 Rxc2 26. Nd4 Bc4+ 27. Kg1 Rxa2 28. Rac1 Bd5 29. Rxc7 Rxg2+ 30. Kf1 Ra2 31. Rexe7 Ra8 32. Nb5 Ra1+ 33. Kf2 a5 34. Nd6 Rf8 35. Ne8 Be6 36. Nd6 a4 37. Ra7 a3 38. Nb5 a2 39. Nc3 Rc8 40. Nxa2 Rxa2+ 41. Rxa2 Bxa2 42. Kg3 Kf8 43. Re2 Be6 44. Kf4 Rc5 45. Rb2 Kg7 46. Ke4 Bf5+ 47. Kd4 Rc2 48. Rb6 Rxh2 49. Ke5 Re2+ 50. Kf4 h5 51. Kg5 Rg2+ 52. Kh4 Rg4+ 53. Kh3 Rb4+ 54. Kh2 Rxb6 55. Kg3 Rb4 56. Kf3 Rg4 57. Kf2 h4 58. Kf3 h3 59. Kf2 h2 60. Kf1 h1=Q+ 61. Kf2 Qh3 0-1

[Event "2nd Silman TNM: u1600"]
[Site "San Francisco"]
[Date "2025.05.27"]
[Round "4.38"]
[White "Cao, Danny Du Uy"]
[Black "Blum, Paul"]
[Result "1-0"]
[Annotator "Analyze This/Cao,Danny Du Uy"]
[WhiteElo "1167"]
[BlackElo "1009"]
[PlyCount "87"]
[GameId "2182650047186920"]
[EventDate "2025.??.??"]

1. d4 e6 2. Nf3 (2. e4) (2. c4) 2... g6 {white 1 hr 26 min... black 1hr 30 min} 3. Bf4 (3. c4) (3. e4) (3. Bg5 Be7 4. h4) 3... Bg7 4. e3 (4. e4) 4... Nf6 5. c4 O-O 6. Nc3 c6 7. Be2 (7. c5) (7. Bd6 Re8 8. Bd3) 7... Qa5 8. O-O d5 9. Qb3 (9. cxd5 exd5 (9... cxd5)) 9... Qb6 10. Qxb6 (10. c5 Qxb3 11. axb3 a5 12. Na4) 10... axb6 {white 1 hr 18 min... black 1 hr 33 min} 11. b3 Nbd7 12. cxd5 Nxd5 (12... exd5) 13. Nxd5 exd5 14. a4 c5 15. Bb5 Re8 16. Rac1 cxd4 17. Nxd4 (17. Rc7 Rd8 18. Nxd4) 17... Re7 18. Bd6 Re8 19. Rc7 Bxd4 20. exd4 (20. Bxd7 Bxd7 21. Rxd7 Bc5 22. Bxc5 bxc5 23. Rxd5) 20... Nf6 21. Bxe8 (21. Rfc1) 21... Nxe8 22. Rxc8 (22. Be5 Nxc7 23. Bxc7 Ra6) 22... Rxc8 {white 52 min... black 1 hr 24 min} 23. Bb4 Rc2 24. Re1 Nf6 25. f3 (25. h3 Ne4 26. f3 Ng3) 25... Rb2 26. Re3 Kg7 {white 39 min... black 1 hr 19 min} 27. Bd6 Nh5 28. b4 Rd2 29. Kf1 Rxd4 (29... Ra2 30. Re7 Rxa4 31. Rxb7 Ra6 32. b5) 30. Be5+ f6 31. Bxd4 Nf4 32. Bxb6 Kh6 33. Bc7 g5 34. Bxf4 gxf4 35. Rd3 Kg5 36. Rxd5+ f5 37. Rd6 h5 38. a5 h4 39. h3 b5 40. axb6 Kh5 41. b7 Kg5 42. b8=Q Kh5 43. Qh8+ Kg5 44. Qh6# 1-0

[Event "2nd Silman TNM: u1600"]
[Site "San Francisco"]
[Date "2025.05.27"]
[Round "4.39"]
[White "Ramos, Jo L Thomas"]
[Black "Kojevnikov, Alexander"]
[Result "0-1"]
[WhiteElo "821"]
[BlackElo "1044"]
[PlyCount "86"]
[GameId "2182650047186921"]
[EventDate "2025.??.??"]

1. e4 c5 2. Nf3 e6 3. d4 cxd4 4. Nxd4 Nf6 5. Nc3 Nc6 6. Nxc6 bxc6 7. e5 Nd5 8. Nxd5 {8. Ne4!} cxd5 9. Be2 Qc7 10. Bf4 f6 11. O-O fxe5 12. Bg3 Be7 13. Re1 O-O 14. Bd3 Bd6 15. Qh5 e4 16. Bxd6 Qxd6 17. Be2 Qc5 18. Rf1 Qxc2 19. b3 a5 20. Bd1 {[%csl Gb2]} Qc3 21. Be2 Ba6 22. Bxa6 Rxa6 23. Qe2 Rc6 24. h3 Qe5 25. Qb5 Qc3 26. Rac1 Qb4 27. Qe2 Rfc8 28. Rxc6 Rxc6 29. Qe3 Qc5 30. Qg5 Rc8 31. Kh1 d4 32. Qf4 d5 33. f3 e3 34. Qe5 d3 35. Qxe6+ Kh8 36. Rd1 d2 37. a3 Rd8 38. b4 axb4 39. axb4 Qc1 40. Qe7 Qxd1+ 41. Kh2 Rc8 42. Qd7 Qc1 43. b5 Qc7+ 0-1

[Event "2nd Silman TNM: Extra Rated"]
[Site "San Francisco"]
[Date "2025.05.27"]
[Round "4.40"]
[White "Sankar, Swaminathan"]
[Black "Siegel, David"]
[Result "1/2-1/2"]
[Annotator "Siegel,David"]
[WhiteElo "1257"]
[BlackElo "1462"]
[PlyCount "67"]
[GameId "2182650047186922"]
[EventDate "2025.??.??"]

1. d4 d5 2. c4 c5 3. Nc3 Nf6 4. e3 Bg4 5. Nf3 e6 6. Be2 Be7 7. O-O O-O 8. h3 Bh5 9. Bd2 Nc6 10. cxd5 Nxd5 11. Nxd5 Qxd5 12. Bc3 a6 13. Ne5 Bxe2 14. Qxe2 Nxe5 15. dxe5 b5 16. Rfd1 Qc6 17. b3 Rac8 18. Rd2 Rfd8 19. Rad1 Rd5 20. Qf3 Rxd2 21. Rxd2 Qxf3 22. gxf3 Rd8 23. Rxd8+ Bxd8 24. a4 Kf8 25. axb5 axb5 26. Kf1 {The computer thinks the best move for Black is 26... g5 here to hunt down the f or h pawn with the king.} Ke8 27. Ke2 Kd7 28. Kd3 Kc6 29. f4 Bh4 30. f3 g6 31. Bd2 Kd5 32. e4+ Kc6 33. Be3 Bg3 34. Bd2 {At this point I couldn't find a way to make progress so we agreed to a draw. The computer evaluation is -0.8 but if you play it out it doesn't find a way to make progress either.} 1/2-1/2

[Event "2nd Silman TNM: 2000+"]
[Site "San Francisco"]
[Date "2025.06.03"]
[Round "5.1"]
[White "Rajaram, Raghu"]
[Black "Heimann, Mark"]
[Result "0-1"]
[Annotator "TA"]
[WhiteElo "1848"]
[BlackElo "2597"]
[PlyCount "64"]
[GameId "2185671328204528"]
[EventDate "2025.??.??"]

{[%evp 11,64,36,83,78,85,69,68,60,113,33,40,12,12,20,18,-3,-4,0,12,11,10,-88,-7,-13,-17,-73,-73,-80,-20,-63,-62,-187,-205,-172,-127,-120,-90,-246,-9,-6,-11,-14,74,66,65,73,64,0,78,11,26,-498,-481,-637,-593] This game will be well covered in the Newsletter!} 1. e4 {[%emt 0:00:01]} d5 {[%emt 0:00:30]} 2. exd5 {[%emt 0:00:28]} Qxd5 {[%emt 0:00:05]} 3. Nc3 {[%emt 0:00:08]} Qd6 {[%emt 0:00:47]} (3... Qa5) (3... Qd8) 4. Nf3 {[%emt 0:01:15]} Nf6 {[%emt 0:00:10]} 5. d4 {[%emt 0:03:50]} a6 {[%emt 0:01:04]} 6. Be2 {[%emt 0:05:07]} Nbd7 {[%emt 0:02:41] This has lost popularity} (6... Nc6 $14 {should be considered.}) 7. O-O $16 {[%emt 0:04:12]} e6 {[%emt 0:00:56]} 8. Ng5 {[%emt 0:13:04]} c5 {[%emt 0:01:44]} 9. dxc5 $146 {[%emt 0:05:08] White is slightly better.} (9. Be3 cxd4 10. Bxd4 Be7 11. Nge4 Qc7 12. Nxf6+ Nxf6 13. Na4 Bd7 14. c4 O-O 15. Qc2 {0-1 (55) Pedersen,D (2275)-Hansen,S (2325) Copenhagen 2014}) 9... Qxc5 {[%emt 0:00:59]} (9... Nxc5 $14 10. Qxd6 Bxd6) 10. Nge4 {[%emt 0:16:14]} (10. Bh5 $1 $16 {[%cal Rh5f7]} Nxh5 11. Qxh5) 10... Qc7 $14 {[%emt 0:00:21]} 11. Bf3 {[%emt 0:09:27]} Be7 {[%emt 0:01:33]} 12. Re1 {[%emt 0:07:36]} O-O {[%emt 0:00:25]} 13. Bg5 {[%emt 0:02:13]} Rd8 $1 {[%emt 0:02:29]} 14. Qe2 {[%emt 0:02:24]} Nxe4 {[%emt 0:00:48]} 15. Bxe7 {[%emt 0:01:40]} Nxc3 {[%emt 0:00:06] A dynamic duo of knights.} 16. Qd2 {[%emt 0:03:06]} (16. bxc3 $11 Re8 17. Bh4) 16... Na4 {[%emt 0:05:09]} (16... Nd5 $1 $17 {[%cal Rd5e7]} 17. Bxd8 Qxd8) 17. Bxd8 $11 {[%emt 0:00:37]} Qxd8 {[%emt 0:00:04]} 18. Qb4 {[%emt 0:01:01]} (18. b3 $11 Nac5 19. Rad1) 18... Nac5 $17 {[%emt 0:00:54]} 19. Rad1 {[%emt 0:02:03][%cal Ob4c5] Black must now prevent Qxc5!.} Qc7 {[%emt 0:02:42]} ({Black should try} 19... Qf8 $17) 20. Qd4 {[%emt 0:01:47]} (20. Qc3 $11 a5 21. a3) 20... a5 $15 {[%emt 0:01:16]} 21. Re5 {[%emt 0:04:39]} h6 $1 $19 {[%emt 0:01:54]} (21... Qxe5 $2 22. Qxe5 h6 23. Qd6 $18) (21... Nb3 $2 22. cxb3 g6 (22... Qxe5 $2 23. Qxe5 g6 24. Qc7 $18) 23. Re3 $18) 22. Re3 {[%emt 0:02:45]} Rb8 {[%emt 0:01:10]} (22... Ra7 $19 23. Bh5 b6) 23. a3 {[%emt 0:01:04]} b5 $1 {[%emt 0:01:21]} 24. Bh5 $2 {[%emt 0:02:28]} (24. Rc3 $17 {might work better.} b4 25. axb4 axb4 (25... Rxb4 26. Rxc5 Qxc5 27. Qxc5 $17) 26. Rc4) 24... e5 $2 {[%emt 0:04:09]} (24... b4 $19 {and ...Ba6 should not be overlooked} 25. Rg3 f6) 25. Qd5 $1 $11 {[%emt 0:00:57]} Ne6 {[%emt 0:00:21][%cal Ob5b4,Bc5e6,Be6g5,Bg5h3][%mdl 32]} 26. Rc3 $1 {[%emt 0:03:37]} Qd8 {[%emt 0:10:55]} (26... Ndc5 $11 27. b4 Bb7) 27. Rf3 $1 $16 {[%emt 0:01:20]} (27. Rxc8 Rxc8 28. Qxd7 Qxd7 29. Rxd7 Rxc2 (29... g6 30. Bd1 $11) 30. Bxf7+ Kf8 $11) 27... Ng5 {[%emt 0:02:12]} (27... g6 $2 28. Bxg6 Qf8 29. Bxf7+ (29. Rxf7 Qxf7 30. Bxf7+ Kxf7 $18) 29... Qxf7 30. Rxf7 Kxf7 31. Re1 $18) 28. Bxf7+ {[%emt 0:00:30]} Kh8 {[%emt 0:00:16]} 29. Rfd3 {[%emt 0:00:22]} (29. Rf5 $14 Qf8 30. h4) 29... Qf8 {[%emt 0:05:47] [#]} (29... Qe7 $11 {remains equal.} 30. Bg6 Qf6) 30. Bg6 {[%emt 0:02:27]} ({Better is} 30. Bh5 $1 $16) 30... Rb6 {[%emt 0:01:08] [#] Against Qc6} 31. Qa8 $2 {[%emt 0:01:30][%mdl 8192]} Rxg6 $19 {[%emt 0:00:54]} 32. Rxd7 {[%emt 0:00:38]} {Weighted Error Value: White=0.53/Black=0.32} Nh3+ {[%emt 0:01:04][%csl Of2,Og1][%mdl 64] Deflection, Double Attack} 0-1

[Event "2nd Silman TNM: 2000+"]
[Site "San Francisco"]
[Date "2025.06.03"]
[Round "5.2"]
[White "Suarez, Sebastian"]
[Black "Coyne, Theodore James"]
[Result "1-0"]
[Annotator "Winslow,Elliott"]
[WhiteElo "2200"]
[BlackElo "2263"]
[PlyCount "91"]
[GameId "2185671328270065"]
[EventDate "2025.??.??"]

{This game will also be further "un-TA'ed" in the Newsletter...} 1. e4 {[%emt 0:00:03]} e5 {[%emt 0:00:06]} 2. Nf3 {[%emt 0:00:09]} Nc6 {[%emt 0:00:06]} 3. Bb5 {[%emt 0:00:09]} Nf6 {[%emt 0:00:16]} 4. O-O {[%emt 0:00:19]} Nxe4 {[%emt 0:00:07]} 5. Re1 {[%emt 0:00:14]} Nd6 {[%emt 0:00:07]} 6. Nxe5 {[%emt 0:00:11]} Be7 {[%emt 0:00:09]} 7. Bf1 {[%emt 0:00:21] [#] This has been such a stable line, "the Death of Chess 17.0" -- but in fact "things" do happen (i.e. wins/losses). It's a sort of acquired taste, to play to trick up opponents in some of the quiet pawn structures that arise. Just look...} Nf5 {[%emt 0:00:15] This is a surprisingly successful alternative} ({... to the "standard"} 7... Nxe5 8. Rxe5 O-O {when there are a LOT of draws.} 9. d4 (9. Nc3 {is even more "drawful": almost four out of five games (over more than a thousand).}) 9... Bf6 10. Re1 Re8 11. c3 Rxe1 12. Qxe1 Ne8 13. Bf4 d5 14. Bd3 g6 15. Nd2 Ng7 16. Nf3 Bf5 {I'll spare you the bulky end of this noteworthy game which featured a lot of king shuffling in a totally blocked pawn ending: ½-½ (87) Carlsen,M (2830)-Niemann,H (2692) Titled Tuesday (blitz) 2024} {but anything can happen:} 17. Qd2 Bxd3 18. Qxd3 c6 19. Re1 Qd7 20. Be5 Bxe5 21. Rxe5 Re8 22. Kf1 f6 23. Rxe8+ Nxe8 24. h3 Nd6 25. Nd2 Qe6 26. Qe2 Kf7 27. Qxe6+ Kxe6 28. Ke2 h5 29. g4 hxg4 30. hxg4 f5 31. gxf5+ Kxf5 32. Kf3 g5 33. a4 a5 34. Kg3 b5 35. b3 Nc8 36. Kf3 Nb6 37. b4 bxa4 38. bxa5 Nc8 39. Nb1 Na7 40. a6 g4+ 41. Kg3 $11 {[#]} Ke4 $4 42. Kxg4 $18 Kd3 43. f4 Kc2 44. Na3+ Kb3 45. f5 Kxa3 46. f6 {1-0 (46) Erigaisi,A (2689)-Niemann,H (2688) FTX Road to Miami Prelim, chess24.com INT 2022}) 8. Nf3 {[%emt 0:20:05] [#] (most common -- if Black doesn't want to trade, neither does White!)} O-O {[%emt 0:00:23]} (8... Ncd4 $5 {is 2-4 in the database -- including a game relevant for our TNM:} 9. Nxd4 (9. c3 Nxf3+ 10. Qxf3 Nh4) 9... Nxd4 10. c3 Nf5 11. d4 d5 12. Qc2 O-O 13. Bd3 g6 14. Nd2 Nd6 15. Nf3 Bg4 16. Ne5 Bf5 17. Bxf5 Nxf5 18. Qb3 Rb8 19. Bf4 Ng7 20. Re2 Nh5 21. Bd2 c6 {[#]} 22. c4 $2 $11 (22. Rae1 $16 {is quite unexpected: SF17.1 +1.00/d31 but suddenly dropped to +0.85/d32 when it clicked into the next iteration.}) 22... Nf6 $4 $18 (22... Bg5 {Stockfish steadfastly refuses to reduce White's edge to nothing, but at depth 37 it dropped from +0.07 to +0.04....} 23. Bxg5 Qxg5 24. g3 Nf4 25. Ree1 dxc4 $8 26. Qxc4 Nh3+ 27. Kf1) 23. Rae1 (23. Bf4 $1 dxc4 (23... Bd6 24. Bg5) 24. Nxc4 {[%csl Rb7][%cal Gb3b7]}) 23... dxc4 24. Qh3 $1 Qc8 25. Qf3 $1 {[#]} Bd8 $6 26. Bh6 Re8 27. g4 (27. Ng4 Rxe2 28. Rxe2) 27... Re6 28. g5 Ba5 29. gxf6 (29. Rd1 $1) 29... Bxe1 30. Rxe1 Qd8 31. Re4 $1 Qd5 (31... Rxf6 32. Rf4 Rxf4 33. Qxf4 f5 34. Nd7 $1) 32. Bg7 (32. Qf4) 32... Rd8 (32... Rxe5) 33. Qf4 c5 {[#]} 34. Ng4 $1 h5 35. Qh6 {1-0 (35) Siddarth,M (2159)-Heimann,M (2403) Las Vegas 2022. But that leaves even more Black wins (still, a tiny sample).}) 9. d4 {[%emt 0:06:40]} d5 {[%emt 0:00:13]} 10. c4 {[%emt 0:06:34] At least injecting some nice IQP imbalance to the game. But probably not such a great idea.} (10. h3 $14) (10. c3 $14) 10... dxc4 {[%emt 0:21:56]} (10... Be6) (10... Bf6) 11. d5 {[%emt 0:01:24]} Nb4 {[%emt 0:00:54]} 12. Bxc4 {[%emt 0:02:33]} Nd6 {[%emt 0:02:44]} 13. Bb3 {[%emt 0:03:35]} Bf5 {[%emt 0:03:43] [#]} 14. Be3 $2 {[%emt 0:13:17]} (14. Ne5 $11 {with Black completely fine.}) 14... Bf6 {[%emt 0:04:15]} 15. Nd4 {[%emt 0:00:59]} Bg6 $17 {[%emt 0:01:24] Wait, what? *Black* has a clear advantage? Out of nowhere!} 16. Nc3 {[%emt 0:02:54]} Re8 $146 {[%emt 0:03:51]} (16... Nd3 17. Re2 Ne5 (17... Re8 $1 $17) 18. Bf4 $6 (18. Bc2 Re8 $15) 18... Nd3 19. Be3 Ne5 $2 (19... Re8 $15) 20. Bf4 Nd3 21. Be3 Ne5 22. Bf4 {½-½ (22) Macias Pino,D (2479)-Javakhishvili,L (2425) Melilla 2024. Clearly, as in a lot of Berlin Ruys, the result is predetermined.}) 17. Qd2 $2 {[%emt 0:08:09]} (17. Re2 $142) 17... Nd3 {[%emt 0:04:25][%cal Of6d4] [#]} 18. Red1 {[%emt 0:04:21]} (18. Re2 $17 {was worth a try.}) 18... Ne5 {[%emt 0:03:18]} (18... a5 $19 {[%cal Oa5a4] and ...a4! should not be overlooked} 19. a3 Bxd4 20. Bxd4 a4) 19. Qe2 $15 {[%emt 0:03:44]} Qc8 {[%emt 0:06:47]} 20. h3 {[%emt 0:01:42] Wards off Ng4} Nf5 {[%emt 0:01:14]} (20... a6 $1 $15) 21. Nxf5 $14 {[%emt 0:01:58]} Qxf5 {[%emt 0:00:15]} 22. Rd2 {[%emt 0:07:43]} (22. g4 $14 Qf3 23. Qxf3 Nxf3+ 24. Kg2 Bxc3 25. bxc3 (25. Kxf3 $2 Bxb2 26. Rac1 Bxc1 $17)) 22... Bg5 {[%emt 0:10:50]} 23. Bc2 {[%emt 0:10:59]} Qf6 {[%emt 0:00:16]} 24. Bxg6 {[%emt 0:00:47]} Nxg6 {[%emt 0:00:34]} 25. Re1 {[%emt 0:00:19]} Bxe3 {[%emt 0:05:51]} 26. fxe3 {[%emt 0:00:02]} Qe5 {[%emt 0:01:06]} 27. Qf2 {[%emt 0:01:01]} Rad8 {[%emt 0:01:13]} 28. e4 {[%emt 0:00:44]} a6 {[%emt 0:00:32]} 29. Na4 {[%emt 0:01:30]} Rd6 {[%emt 0:03:36]} 30. Nc5 {[%emt 0:00:25]} Nf4 {[%emt 0:01:33]} 31. Nd3 {[%emt 0:01:43]} (31. Nxb7 Rg6 32. Qe3 Rg3 33. Qxg3 Ne2+ 34. Rexe2 Qxg3) 31... Nxd3 {[%emt 0:00:28]} 32. Rxd3 {[%emt 0:00:01]} c6 {[%emt 0:10:14][%cal Rc6d5]} 33. Rde3 {[%emt 0:00:47]} Rf6 {[%emt 0:01:42]} 34. Qc2 {[%emt 0:00:32]} h5 {[%emt 0:01:45]} (34... cxd5 35. exd5 Qd4 (35... Qxe3+ $2 36. Rxe3 Rf8 37. Qc7 $18) 36. Qc3) 35. Qc3 {[%emt 0:00:14]} Qxc3 {[%emt 0:03:29]} 36. bxc3 {[%emt 0:00:39][%cal Bb2c3,Bc3c4,Bc4c5,Bc5b6,Bb6b7][%mdl 32]} cxd5 {[%emt 0:00:14]} 37. exd5 {[%emt 0:00:02][%cal Be4d5,Bd5d6][%mdl 32]} Rxe3 {[%emt 0:00:28]} 38. Rxe3 $11 {[%emt 0:00:01][%mdl 4096] Endgame KR-KR} Kf8 {[%emt 0:00:58]} 39. c4 {[%emt 0:00:09]} Rf4 {[%emt 0:00:33]} (39... b6 $11) 40. d6 $16 {[%emt 0:00:41] [#] d7 would kill now.} Rd4 {[%emt 0:01:29]} (40... Rxc4 41. d7 g6 42. d8=Q+ $18 (42. d8=R+ Kg7 $18)) 41. c5 {[%emt 0:00:02]} Rd5 {[%emt 0:01:50]} 42. Kf2 {[%emt 0:00:12]} (42. h4 $16) 42... g6 $2 {[%emt 0:02:42]} (42... Rxc5 $2 {is the wrong capture.} 43. d7 Kg8 44. d8=Q+ $18 (44. d8=R+ Kh7 $18)) (42... f5 {is more resistant.} 43. h4 Kf7) 43. Kf3 $18 {[%emt 0:00:20]} b6 {[%emt 0:02:58]} 44. cxb6 {[%emt 0:00:14]} Rxd6 {[%emt 0:00:06]} 45. b7 {[%emt 0:00:25]} Rd8 {[%emt 0:00:14]} {Weighted Error Value: White=0.13 (very precise) /Black=0.57} 46. Rc3 {[%emt 0:00:15]} 1-0